000 00284nam a22001337a 4500
008 221011b ||||| |||| 00| 0 eng d
041 _aeng
080 _a61
082 _a61
100 _a5
101 _aMJEK
245 _aA MANUAL OF TROPICAL MEDICINE
_cMACKIE
942 _2udc
_cBK
999 _c58480
_d58480